|
|
|
|
| LEADER |
00000nam a2200000 i 4500 |
| 001 |
115462 |
| 003 |
CZ ZlUTB |
| 005 |
20260408134724.0 |
| 007 |
ta |
| 008 |
260408s2025 xr a f 000 0 slo d |
| 020 |
|
|
|a 978-80-286-0501-8
|q (brožováno)
|
| 040 |
|
|
|a ZLD002
|b cze
|e rda
|
| 072 |
|
7 |
|a 005
|x Management. Řízení
|2 Konspekt
|9 4
|
| 080 |
|
|
|a 005.5
|2 MRF
|
| 080 |
|
|
|a 658
|2 MRF
|
| 080 |
|
|
|a 005.591.1
|2 MRF
|
| 080 |
|
|
|a 005.54
|2 MRF
|
| 080 |
|
|
|a (048.8:082)
|2 MRF
|
| 100 |
1 |
|
|a Papulová, Zuzana
|7 jo2013795820
|4 aut
|
| 245 |
1 |
0 |
|a Procesný manažment :
|b analýzy, modelovanie, implementácia /
|c Zuzana Papulová, Ján Papula, Andrea Gažová, Dávid Smolka
|
| 250 |
|
|
|a Druhé vydanie
|
| 264 |
|
1 |
|a Praha :
|b Wolters Kluwer,
|c 2025
|
| 300 |
|
|
|a 203 stran :
|b ilustrace ;
|c 24 cm
|
| 336 |
|
|
|a text
|b txt
|2 rdacontent
|
| 337 |
|
|
|a bez média
|b n
|2 rdamedia
|
| 338 |
|
|
|a svazek
|b nc
|2 rdacarrier
|
| 500 |
|
|
|a "BPM Business Process Mangement"--Obálka
|
| 504 |
|
|
|a Obsahuje bibliografii a bibliografické odkazy
|
| 650 |
0 |
7 |
|a procesní management
|7 ph166531
|2 czenas
|
| 650 |
0 |
7 |
|a podnikový management
|7 ph115763
|2 czenas
|
| 650 |
0 |
7 |
|a optimalizace
|7 ph832423
|2 czenas
|
| 650 |
0 |
7 |
|a implementace (management)
|7 ph205074
|2 czenas
|
| 650 |
0 |
9 |
|a process management
|2 eczenas
|
| 650 |
0 |
9 |
|a industrial management
|2 eczenas
|
| 650 |
0 |
9 |
|a optimization
|2 eczenas
|
| 650 |
0 |
9 |
|a implementation (management)
|2 eczenas
|
| 655 |
|
7 |
|a kolektivní monografie
|7 fd501537
|2 czenas
|
| 655 |
|
9 |
|a collective monographs
|2 eczenas
|
| 700 |
1 |
|
|a Papula, Ján
|7 utb2014812871
|4 aut
|
| 700 |
1 |
|
|a Gažová, Andrea
|7 vse20221162358
|4 aut
|
| 700 |
1 |
|
|a Smolka, Dávid
|4 aut
|
| 710 |
2 |
|
|a Wolters Kluwer Česká republika (firma)
|7 mzk2013746731
|4 pbl
|
| 910 |
|
|
|a ZLD002
|
| 942 |
|
|
|2 udc
|
| 952 |
|
|
|0 0
|1 0
|4 0
|5 0
|6 005PAPULOVÁZ
|7 0
|8 BOOK
|9 190684
|a UTBZL
|b UTBZL
|c 005
|d 2026-04-08
|l 0
|o 005/PAPULOVÁ,Z.
|p 420010201919
|r 2026-04-08 13:48:01
|v 606.00
|w 2026-04-08
|x N:nákup
|y 01
|
| 992 |
|
|
|a BK
|b SKNEW
|
| 999 |
|
|
|c 115462
|d 115462
|